Principles of Electrical Machine Design : (Record no. 182736)

000 -LEADER
fixed length control field 00729 a2200181 4500
003 - CONTROL NUMBER IDENTIFIER
control field Nust
005 - DATE AND TIME OF LATEST TRANSACTION
control field 20221019122851.0
020 ## - INTERNATIONAL STANDARD BOOK NUMBER
International Standard Book Number 8120401727
040 ## - CATALOGING SOURCE
Transcribing agency Nust
082 ## - DEWEY DECIMAL CLASSIFICATION NUMBER
Classification number 620.00420285,SEN
100 ## - MAIN ENTRY--PERSONAL NAME
Personal name Sen,S,k
9 (RLIN) 100794
245 ## - TITLE STATEMENT
Title Principles of Electrical Machine Design :
Remainder of title with Computer Programmes /
Statement of responsibility, etc. S.K Sen
260 ## - PUBLICATION, DISTRIBUTION, ETC.
Place of publication, distribution, etc. Calcutta
Name of publisher, distributor, etc. Oxford Pub Co
Date of publication, distribution, etc. 1987
300 ## - PHYSICAL DESCRIPTION
Extent 307:P
505 ## - FORMATTED CONTENTS NOTE
Formatted contents note Basic Considerations (Page-1), Heating and Cooling (Page-41), Main Dimensions (Page-72), Magnetic Circuit Calculations (Page-94), Electric Circuit Calculations (Page-152), Design of Transformer (Page-194), Design of Rotating Machines (Page-239).
650 ## - SUBJECT ADDED ENTRY--TOPICAL TERM
Topical term or geographic name entry element Principles of Electrical Machine Design
9 (RLIN) 100795
942 ## - ADDED ENTRY ELEMENTS (KOHA)
Source of classification or shelving scheme
Koha item type Book
Holdings
Withdrawn status Lost status Source of classification or shelving scheme Damaged status Not for loan Permanent Location Current Location Shelving location Date acquired Full call number Barcode Date last seen Price effective from Koha item type Public note
          Military College of Signals (MCS) Military College of Signals (MCS) General Stacks 12/12/2016 620.00420285,SEN MCS986 12/08/2016 12/12/2016 Book Almirah No.27, Shelf No.1
© 2023 Central Library, National University of Sciences and Technology. All Rights Reserved.